Les départements qui ont eu le plus de vigilances météo rouges - Statistiques

Statistiques générales
  • Ce quiz a été pris 55 fois
    9 depuis la dernière actualisation
  • Le résultat moyen est 12 sur 19
Statistiques - réponses
Nombre de fois Département % Correct
16 Gard
100%
18 Hérault
100%
6 Alpes-Maritimes
88%
5 Ardèche
75%
8 Aude
75%
6 Finistère
75%
7 Gironde
75%
6 Pyrénées-Orientales
75%
6 Charente-Maritime
63%
5 Haute-Garonne
63%
7 Landes
63%
8 Pyrénées-Atlantiques
63%
5 Gers
38%
5 Hautes-Pyrénées
38%
5 Loire-Atlantique
38%
7 Lot-et-Garonne
38%
7 Pas-de-Calais
38%
5 Seine-et-Marne
38%
5 Vienne
13%
Aucun quiz correspondant
Distribution des résultats
% des personnes avec chaque résultat
Percentile par nombre de réponses
Votre historique - résultats
Vous n’avez pas pris ce quiz depuis la dernière actualisation